000 00520pam a2200157a 44500
008 230515b2012 xxu||||| |||| 00| 0 eng d
020 _aNULL
041 _aENGLISH
082 _aND
100 _aMS TREEZA CHARMING RAE
245 _aA STUDY TO ASSESS THE EFFECT OF NURSING INTERVENTIONS ON QUALITY OF SLEEP OF ELDERLY PEOPLE SUFFERING FROM SLEEP PATTERN DISTURBANCES RESIDING IN SELECTED EXTENDED GERIATRIC CENTERS OF PUNE CITY
250 _a0
260 _a
_bDR D Y PATIL
_c2012
300 _a120
650 _aNULL
999 _c531018
_d531018